LEADER 02383nam 2200409 n 450 001 996395017203316 005 20200824121140.0 035 $a(CKB)3810000000010364 035 $a(EEBO)2240944639 035 $a(UnM)99834674e 035 $a(UnM)99834674 035 $a(EXLCZ)993810000000010364 100 $a19970505d1673 uy | 101 0 $aeng 135 $aurbn||||a|bb| 200 00$aStereometrie: or the art of practical gauging$b[electronic resource] $eshewing in two parts, first, divers facil and compendious ways for gauging of tunns and brewers vessels, of all forms and figures, either in whole, or gradualy, form inch to inch: whether the tunn, or vessels bases above and below be homogeneal, or heterogeneal. Parallel and alike-situate, or not. Secondly, the gauging of any wine, brandy, or oyl cask; be the same assum'd as sphæroidal, parabolical, conical, or cylindrical; either full, or partly empty, and at any position of the cask, or altitude of contained liquor: performed either by brief calculation, or instrumental operation. Together with a large table of area's of a circles segments, and other necessary tables, & their excellent utilities and emprovements; with a copious and methodical index of the whole; rendring the work perspicuous and intelligible to mean capacities. /$fBy John Smith, philo-accomptant 210 $aLondon, $cprinted by William Godbid, for William Shrowsbury, at the Bible in Duck-Lane$d1673 215 $a[30], 304 p., [3] leaves of plates $ctables 300 $aTitle page is A2. 300 $aWith errata on leaf a8. 300 $aIdentified as Wing (2nd ed.) S4096 (number cancelled) on UMI microfilm set "Early English books, 1641-1700", reel 1820. 300 $aReproduction of the original at the Bodleian Library. 330 $aeebo-0014 606 $aGaging$vEarly works to 1800 606 $aLiquors$xGaging and testing$vEarly works to 1800 606 $aWine and wine making$xGaging and testing$vEarly works to 1800 615 0$aGaging 615 0$aLiquors$xGaging and testing 615 0$aWine and wine making$xGaging and testing 700 $aSmith$b John$ffl. 1673-1680.$01007125 801 0$bCu-RivES 801 1$bCu-RivES 801 2$bWaOLN 906 $aBOOK 912 $a996395017203316 996 $aStereometrie: or the art of practical gauging$92326894 997 $aUNISA LEADER 00990nam1 22002891i 450 001 RML0276694 005 20231121125727.0 100 $a20121121g19871999||||0itac50 ba 101 | $alat 102 $ait 181 1$6z01$ai $bxxxe 182 1$6z01$an 200 1 $aOpuscula$fPrisciani Caesariensis$gedizione critica a cura di Marina Passalacqua 210 $aRoma $cEdizioni di Storia e Letteratura 215 $a2 v.$d26 cm 463 1$1001RML0276695$12001 $a˜Vol. 1.: œDe figuris numerorum$fPrisciani Caesariensis 700 0$aPriscianus$c $3RMLV158697$0154536 702 1$aPassalacqua$b, Marina$3RMLV178434 801 3$aIT$bIT-01$c20121121 850 $aIT-FR0017 899 $aBiblioteca umanistica Giorgio Aprea$bFR0017 912 $aRML0276694 950 1$aBiblioteca umanistica Giorgio Aprea$d 52MAG 1 Coll L 2-40$d 52MAG 7 Coll D/ 2 -48* 967 $m1 977 $a 52 996 $aOpuscula$93625956 997 $aUNICAS LEADER 01434nam0 22003251i 450 001 UON00266836 005 20231205103738.158 010 $a90-429-1670-2 100 $a20050920d2005 |0itac50 ba 101 $afre 102 $aBE 105 $a|||| 1|||| 200 1 $aˆLa ‰religion et la pensée prises au piège de l'autocratie$eVoyage au coeur de la pensée politique des musulmans pendant l'essor et au déclin de la civilisation islamique$fSayyed Mohammad Khatami; Préface de Roshdi Rashed 210 $aLouvain$cPeeters$d2005 215 $a338 p.$d24 cm 311 $aVO SERIE 001 (4)$9UON00258532 410 0$1001UON00258532$12001 $aˆLes ‰Cahiers du MIDEO$v4 VO SERIE 001 (4) 606 $aFILOSOFIA ISLAMICA$xPolitica$3UONC013095$2FI 620 $aBE$dLouvain$3UONL000316 686 $aVO SERIE$cVICINO ORIENTE - COLLANE$2A 700 1$aKHATAMI$bMohammad$3UONV054740$0254291 702 1$aRASHED$bRoshdi$3UONV047175 712 $aPeeters$3UONV245906$4650 790 1$aRASHID, Rushdi$yRASHED, Roshdi$3UONV199733 801 $aIT$bSOL$c20240220$gRICA 899 $aSIBA - SISTEMA BIBLIOTECARIO DI ATENEO$2UONSI 912 $aUON00266836 950 $aSIBA - SISTEMA BIBLIOTECARIO DI ATENEO$dSI VO SERIE 001 (4) $eSI SA 114245 7 001 (4) 996 $aReligion et la pensée prises au piège de l'autocratie$91240342 997 $aUNIOR